000 01790nas a2200301 i 4500
003 DO-SdBNP
005 20260514155927.0
007 ta
008 260514e2006 dr an|p|r||||||0| |0spa d
040 _aDO-SdBNP
_bspa
_cBNPHU
_erda
041 _aspa
110 _aPrograma Solidaridad
_989572
245 _aSolidadridad :
_bla revista /
_cPrograma Solidaridad. Rafael Alburquerque, vicepresidente, coordinador.
264 _aSanto Domingo, República Dominicana :
_bPrograma Solidaridad,
_c2006.
300 _avolumen :
_bilustraciones, fotografía, grafica ;
_c24 X 22 cm.
310 _aAnual
336 _atexto
_btxt
_2rdacontent
337 _asin mediación
_bn
_2rdamedia
338 _avolumen
_bnc
_2rdacarrier
362 _aAño 1 . No. 1, 2006.
500 _aCatalogación basada en el Año 1. No. 1, 2006.
500 _aIncluye diferencia en la periocidad de la primera revista que es anual y en el segundo año cambia semestral.
500 _aDonado por: CENTU.
520 _aPrograma Solidaridad: la revista La revista "Solidaridad" es un órgano informativo del Programa Solidaridad, que se destina a mantener al día a la población sobre las acciones realizadas por Solidaridad y otras instituciones en favor de los más pobres. La revista incluye artículos sobre temas como la eliminación del trabajo infantil peligroso en la República Dominicana y otros trabajos realizados por Solidaridad. Además, ofrece información sobre la gobernanza local y servicios públicos municipales de calidad, así como sobre la participación de las mujeres en la gobernanza local.
650 0 _aSolidaridad
_989573
_vPublicaciones periódicas
_xPrograma
700 _aAlburquerque de Castro, Rafael Francisco,
_d1940-
_935785
_evicepresidente
_ecoordinador
942 _2ddc
_cISSUE
999 _c60747
_d60747